Adhunik kall mein shastriya sangeet (Record no. 91851)

MARC details
000 -LEADER
fixed length control field 00379nam a2200157Ia 4500
008 - FIXED-LENGTH DATA ELEMENTS--GENERAL INFORMATION
fixed length control field 230917s9999||||xx |||||||||||||| ||und||
020 ## - ISBN
Price RS350
040 ## - CATALOGING SOURCE
-- 24464
Original cataloging agency VIVEKANANDA LIBRARY
041 ## - Language
-- English
082 ## - DDC NUMBER
Classification number 784 H876A
100 ## - MAIN ENTRY--PERSONAL NAME
Personal name Hukamchand
245 #0 - TITLE STATEMENT
Title Adhunik kall mein shastriya sangeet
260 ## - PUBLICATION, DISTRIBUTION, ETC. (IMPRINT)
Place of publication, distribution, etc Delhi
Name of publisher, distributor, etc Eastern book linkers
Date of publication, distribution, etc 1998
300 ## - PHYSICAL DESCRIPTION
Pages 231 p.
942 ## - ADDED ENTRY ELEMENTS (KOHA)
Koha item type Books
Holdings
Withdrawn status Lost status Damaged status Not for loan Location (home branch) Sublocation or collection (holding branch) Date acquired Koha issues (times borrowed) Koha full call number Accession No. Koha date last seen Koha item type
        VIVEKANANDA LIBRARY VIVEKANANDA LIBRARY 08/08/2002   784 H876A 172777 17/09/2023 Books
© Designed and Maintained by Vivekananda Library, MDU Rohtak